| 000 | 00721nam a2200193 a 4500 | ||
|---|---|---|---|
| 001 | BRCA_1355 | ||
| 005 | 20190320203405.0 | ||
| 008 | 950109s1995 caua---##b---#001-0#eng-# | ||
| 020 | _a0060621311 | ||
| 040 |
_aDLC _cDLC _dDLC |
||
| 050 | 4 |
_aBT650 _b.D87 1995 |
|
| 100 | 1 |
_aDurham, Michael Schelling _d1935- _94432 |
|
| 245 | 1 | 0 |
_aMiracles of Mary _bApparitions, Legends, and Miraculous Works of the Blessed Virgin Mary _cMichael S. Durham ; designed by Carmile S. Zaino. |
| 260 |
_a[San Francisco, California] _bHarper San Francisco : Harper Collins _c1995 |
||
| 300 |
_a191 p. _bil. a color _c25 cm. |
||
| 500 | _aIncluye indice de ilustraciones | ||
| 600 | 1 | 4 |
_aVirgen MarĂa _xApariciones y milagros _94433 |
| 942 |
_2lcc _cB |
||
| 999 |
_c1217 _d1217 |
||